| 000 | 00000nas 2200000za 4500 |
| 001 | 9.863789 |
| 003 | CaOODSP |
| 005 | 20221107161351 |
| 007 | cr ||||||||||| |
| 008 | 181029d19471995oncmr p oss f0###a0eng|d |
| 022 | |y0318-7942 |
| 040 | |aCaOODSP|beng |
| 041 | |aeng|afre |
| 043 | |an-cn-bc |
| 086 | 1 |aCS35-003-PDF |
| 245 | 00|aProduction, shipments, and stocks on hand of sawmills in British Columbia |h[electronic resource]. |
| 246 | 10|aBritish Columbia sawmills and planing mills |
| 246 | 10|aScieries et ateliers de rabotage de la Colombie-Britannique |
| 246 | 10|aProduction, livraisons et stocks en mains des scieries en Colombie-Britannique |
| 246 | 11|aProduction, expéditions et stocks en mains des scieries en Colombie-Britannique |
| 246 | 11|aProduction, livraisons et stocks en main des scieries en Colombie-Britannique |
| 260 | |a[Ottawa] :|bDominion Bureau of Statistics, |c[1947]-1995. |
| 310 | |aMonthly|b(July 1947-Dec. 1995) |
| 321 | |aQuarterly|b(Jan./Feb./and Mar. 1947-Apr./May/and June 1947); |
| 362 | 0 |aJan./Feb./and Mar. 1947-v. 49, no. 12 (Dec. 1995). |
| 500 | |aDigitized edition from print [produced by Statistics Canada]. |
| 500 | |aIssues for Jan. 1969-Dec. 1978, Feb. 1979, Apr. 1979-Dec. 1979 have French parallel title: Production, expéditions et stocks en mains des scieries en Colombie-Britannique; Jan. 1980-Dec. 1995, Production, livraisons et stocks en main des scieries en Colombie-Britannique. |
| 500 | |aIssues for Jan. 1979 and Mar. 1979 have title: British Columbia sawmills and planing mills = Scieries et ateliers de rabotage de la Colombie-Britannique. |
| 500 | |aCaption title. |
| 515 | |aVol. numbering begins with v. 4, no. 1 (Jan. 1950). |
| 546 | |aText in English only, Jan./Feb./and Mar. 1947-Dec. 1968; text in English and French, Jan. 1969-Dec. 1995. |
| 550 | |aIssued Aug. 1948-May 1949, July 1949-Oct. 1958, May 1960-July 1960 by Forestry Section; June 1949, Nov. 1958-Apr.1960, Aug. 1960-Apr. 1963 by Industry and Merchandising Division; May 1963-Dec. 1966 by Industry Division; Jan. 1967-Dec. 1971 by Manufacturing and Primary Industries Division; Jan. 1972-Dec. 1984 by Statistics Canada, Manufacturing and Primary Industries Division; Jan. 1985-Dec. 1995 by Industry Division. |
| 580 | |aMerged with: Production, shipments and stocks on hand of sawmills east of the Rockies (excluding Newfoundland and Prince Edward Island), to form: Sawmills and planing mills. |
| 692 | 07|2gccst|aLumber industry |
| 710 | 1 |aCanada. |bDominion Bureau of Statistics. |bForest Products Statistics. |
| 710 | 1 |aCanada. |bDominion Bureau of Statistics. |bForestry Section. |
| 710 | 1 |aCanada. |bDominion Bureau of Statistics. |bIndustry and Merchandising Division. |
| 710 | 1 |aCanada. |bDominion Bureau of Statistics. |bIndustry Division. |
| 710 | 1 |aCanada. |bDominion Bureau of Statistics. |bManufacturing and Primary Industries Division. |
| 710 | 1 |aCanada. |bStatistics Canada. |bIndustry Division. |
| 710 | 1 |aCanada. |bStatistics Canada. |bManufacturing and Primary Industries Division. |
| 785 | 00|tProduction, shipments and stocks on hand of sawmills east of the Rockies (excluding Newfoundland and Prince Edward Island)|w(CaOODSP)9.863781 |
| 785 | 00|tSawmills and planing mills |w(CaOODSP)9.863827 |
| 792 | |tProduction, shipments, and stocks on hand of sawmills in British Columbia |efre|w(CaOODSP)9.863797 |